00000000nam 2200000za 4500
0019.699961
003CaOODSP
00520210625000623
007cr |||||||||||
008150407s1937    onc|||||o    f|0| 0 eng d
040 |aCaOODSP|beng
043 |an-cn---
0861 |aCP32-140/1937E-PDF
0861 |aZ1-1936/3E-PDF
24500|aReport of the Royal Commission on Anthracite Coal |h[electronic resource] / |cH.M. Tory, commissioner.
260 |a[Ottawa : |bPrivy Council Office], |cFebruary 3, 1937.
300 |a118 p.
500 |aHistorical publication digitized in 2010 by Privy Council Office of Canada.
590 |a15-04-Supp|b2015-03-19
69007|aCoal|2gcpds
69007|aCommissions of inquiry|2gcpds
7101 |aCanada. |bPrivy Council Office.
77508|tRapport de la Commission royale d'enquête sur l'anthracite |w(CaOODSP)9.643922
85640|ahttp://publications.gc.ca|qPDF|s8.60 MB|uhttps://publications.gc.ca/collections/collection_2014/bcp-pco/CP32-140-1937-eng.pdf